| Tag |
First Indicator |
Second Indicator |
Subfields |
| LEADER |
00000cam a2200000 a 4500 |
| 001 |
in00000015439 |
| 005 |
20151007053050.0 |
| 008 |
871111s1987 enka 00100 eng d |
| 010 |
|
|
|a gb 87039389
|
| 015 |
|
|
|a GB87-39389
|
| 020 |
|
|
|a 0803980590 :
|c £22.50 : CIP confirmed
|
| 020 |
|
|
|a 0803980604 (pbk) :
|c £8.95
|
| 035 |
|
|
|a (OCoLC)16718190
|
| 035 |
|
|
|9 AAB0269AM
|
| 040 |
|
|
|a UKM
|c UKM
|d TXA
|d UtOrBLW
|
| 049 |
|
|
|a TXAM
|c [A11488331]
|
| 050 |
1 |
0 |
|a HD75
|
| 050 |
|
4 |
|a HD75
|b .G56 1987
|
| 082 |
0 |
|
|a 306/.3
|2 19
|
| 245 |
0 |
0 |
|a Global restructuring and territorial development /
|c edited by Jeffrey Henderson and Manuel Castells.
|
| 264 |
|
1 |
|a London :
|b Sage,
|c 1987.
|
| 300 |
|
|
|a xii, 256 pages :
|b illustrations ;
|c 22 cm.
|
| 336 |
|
|
|a text
|b txt
|2 rdacontent
|
| 337 |
|
|
|a unmediated
|b n
|2 rdamedia
|
| 338 |
|
|
|a volume
|b nc
|2 rdacarrier
|
| 500 |
|
|
|a Includes index.
|
| 650 |
|
0 |
|a Economic development
|x Social aspects.
|
| 700 |
1 |
|
|a Henderson, J. W.
|q (Jeffrey William),
|d 1947-
|
| 700 |
1 |
|
|a Castells, Manuel,
|d 1942-
|
| 999 |
|
|
|a MARS
|
| 999 |
f |
f |
|s 6c148d61-6907-3ebc-abe1-ef1460f19c91
|i 3cd81791-3e71-3dcc-88ce-ebca4bc2a28c
|t 0
|
| 952 |
f |
f |
|p ric
|a Texas A&M University
|b Rellis Campus
|c Joint Library Facility
|d Remote Storage
|t 0
|e HD75 .G56 1987
|h Library of Congress classification
|i unmediated -- volume
|m A14811488331
|
| 998 |
f |
f |
|a HD75 .G56 1987
|t 0
|l Remote Storage
|